[Event "DVM U14 2015"]
[Site "Verden/Aller GER"]
[Date "2015.12.28"]
[Round "3"]
[White "Grimm, Ling Leander"]
[Black "Schlangenotto, Niklas"]
[Result "1-0"]
[Termination "normal"]
[Board "7.2"]
[WhiteElo "1749"]
[BlackElo "1661"]
[WhiteTeam "SK Bebenhausen 1992"]
[BlackTeam "SK Blauer Springer Paderborn 1926"]
[PlyCount "75"]
[WhiteFideId "12968277"]
[BlackFideId "16217560"]
[EventCountry "GER"]
[EventRounds "7"]
[EventType "team-swiss"]
[EventDate "2015.12.26"]

1. e4 e6 2. Nf3 d5 3. e5 c5 4. b4 cxb4 5. a3 Nc6 6. axb4 Bxb4 7. c3 Be7 8. d4
Bd7 9. Bd3 a6 10. h4 h6 11. g3 Qc7 12. O-O Rc8 13. h5 Na5 14. Qe2 b5 15. Nh4
Bxh4 16. gxh4 Ne7 17. Ba3 Nc4 18. Kh1 Nf5 19. Qg4 Rg8 20. Bc1 Ke7 21. Rxa6 Qb7
22. Ra1 Nb6 23. Na3 Nc4 24. Nxc4 dxc4+ 25. Be4 Bc6 26. f3 Bxe4 27. fxe4 Qxe4+
28. Qxe4 Ng3+ 29. Kg2 Nxe4 30. Ra7+ Kd8 31. Rfxf7 Nxc3 32. Rad7+ Ke8 33. Rfe7+
Kf8 34. Ba3 Nd5 35. Rxd5 exd5 36. Rc7+ Ke8 37. Rxc8+ Kf7 38. e6+ 1-0

[Event "DVM U14 2015"]
[Site "Verden/Aller GER"]
[Date "2015.12.28"]
[Round "3"]
[White "Wanke, Mathis"]
[Black "De Rentiis, Davide Luca"]
[Result "1-0"]
[Termination "normal"]
[Board "7.3"]
[WhiteElo "1544"]
[BlackElo "1287"]
[WhiteTeam "SK Blauer Springer Paderborn 1926"]
[BlackTeam "SK Bebenhausen 1992"]
[PlyCount "79"]
[WhiteFideId "16217578"]
[BlackFideId "12967050"]
[EventCountry "GER"]
[EventRounds "7"]
[EventType "team-swiss"]
[EventDate "2015.12.26"]

1. d4 f5 2. Nf3 Nf6 3. c4 g6 4. Nc3 Bg7 5. e3 O-O 6. Bd3 d6 7. O-O Nc6 8. d5
Nb4 9. Be2 Na6 10. Rb1 e5 11. a3 e4 12. Nd4 Ne8 13. Qd2 Be5 14. b4 Qg5 15. f4
exf3 16. Nxf3 Qe7 17. Nxe5 Qxe5 18. Bb2 Qe7 19. Rbe1 Nf6 20. h3 Bd7 21. Bf3
Rae8 22. e4 Qf7 23. Rf2 fxe4 24. Nxe4 Nxe4 25. Bxe4 Qxf2+ 26. Qxf2 Rxf2 27.
Kxf2 Rf8+ 28. Ke3 Bf5 29. Bxf5 Rxf5 30. Bd4 b6 31. Bc3 Kf8 32. Re2 Nb8 33. Rf2
Rxf2 34. Kxf2 Kf7 35. Kf3 Nd7 36. Kf4 Nf6 37. g4 Ke7 38. Be1 Kf7 39. Bf2 Nd7
40. Bd4 1-0

[Event "DVM U14 2015"]
[Site "Verden/Aller GER"]
[Date "2015.12.28"]
[Round "3"]
[White "Greitmann, Niklas"]
[Black "Müller, Noah"]
[Result "0-1"]
[Termination "normal"]
[Board "7.4"]
[WhiteElo "1265"]
[BlackElo "1619"]
[WhiteTeam "SK Bebenhausen 1992"]
[BlackTeam "SK Blauer Springer Paderborn 1926"]
[PlyCount "156"]
[WhiteFideId "16200705"]
[BlackFideId "16217586"]
[EventCountry "GER"]
[EventRounds "7"]
[EventType "team-swiss"]
[EventDate "2015.12.26"]

1. c4 e5 2. Nc3 Nf6 3. g3 Bc5 4. Bg2 Nc6 5. e3 d6 6. Nge2 O-O 7. O-O Bf5 8. a3
Bd3 9. b4 Bb6 10. Qb3 Rb8 11. Re1 e4 12. Bb2 Ne5 13. Nf4 Bxc4 14. Qd1 Nd3 15.
Nxd3 Bxd3 16. Qb3 d5 17. Na4 c6 18. Nxb6 axb6 19. Rac1 Qe7 20. Qc3 Qe6 21. Qd4
b5 22. Qe5 Qxe5 23. Bxe5 Ra8 24. Bb2 Rfe8 25. Bf1 Bxf1 26. Kxf1 Ng4 27. Kg2 Ne5
28. Bxe5 Rxe5 29. Ra1 Ree8 30. Ra2 Ra4 31. Kf1 f5 32. Ke2 Kf7 33. h3 Rea8 34.
Rea1 b6 35. Kf1 Ke6 36. Rc1 Kd6 37. Rac2 Rc8 38. Ra1 c5 39. Ke2 Rc7 40. bxc5+
bxc5 41. Rb1 Rb7 42. Rc3 c4 43. Kd1 Kc5 44. Kc2 Rba7 45. Ra1 Kc6 46. Kb2 b4 47.
Rc2 Rxa3 48. Rxa3 Rxa3 49. Rc1 Kb5 50. g4 Rd3 51. Kc2 Ka4 52. Ra1+ Ra3 53. Rb1
b3+ 54. Kc3 Ra2 55. gxf5 Ka3 56. h4 Rc2+ 57. Kd4 Rxd2+ 58. Ke5 c3 59. f6 gxf6+
60. Kxf6 c2 61. Rh1 Rd1 62. Rxd1 cxd1=Q 63. Kg7 Kb4 64. Kf6 Qg4 65. Ke5 Qxh4
66. Kxd5 b2 67. f4 exf3 68. e4 b1=R 69. e5 Rd1+ 70. Ke6 Qg4+ 71. Kf6 f2 72. e6
Qg6+ 73. Ke5 Re1+ 74. Kd6 Qxe6+ 75. Kc7 Rc1+ 76. Kb7 Qc6+ 77. Kb8 Qc7+ 78. Ka8
Ra1# 0-1

[Event "DVM U14 2015"]
[Site "Verden/Aller GER"]
[Date "2015.12.28"]
[Round "3"]
[White "Tong, Kevin"]
[Black "Hermanns, Till"]
[Result "1/2-1/2"]
[Termination "normal"]
[Board "8.1"]
[WhiteElo "2033"]
[BlackElo "1586"]
[WhiteTeam "SC Erlangen 48/88"]
[BlackTeam "SC Landskrone"]
[PlyCount "90"]
[WhiteFideId "12913944"]
[BlackFideId "12972347"]
[EventCountry "GER"]
[EventRounds "7"]
[EventType "team-swiss"]
[EventDate "2015.12.26"]

1. e4 e6 2. d4 d5 3. Nc3 Nf6 4. Bg5 Be7 5. e5 Nfd7 6. Bxe7 Qxe7 7. f4 a6 8. Nf3
c5 9. Qd2 Nc6 10. O-O-O b5 11. g4 Nb6 12. Bh3 b4 13. Nb1 c4 14. f5 Na4 15. c3
Rb8 16. Qc2 Bd7 17. fxe6 fxe6 18. Qxa4 Nxd4 19. Qxd7+ Qxd7 20. Nxd4 O-O 21. g5
Rfe8 22. cxb4 Rxb4 23. Nc3 Qf7 24. Rhf1 Qg6 25. Rg1 h6 26. a3 Rb7 27. Rg3 hxg5
28. Rdg1 Qh6 29. Kb1 g4 30. Bxg4 Qd2 31. Nc2 Rxb2+ 32. Kxb2 Rb8+ 33. Ka1 Qxc2
34. Bxe6+ Kf8 35. Rb1 Rxb1+ 36. Nxb1 d4 37. Bd5 g6 38. e6 c3 39. Rg2 Qf5 40.
Bb3 g5 41. Re2 Ke7 42. Rg2 Qe4 43. Rc2 Qe5 44. Ka2 g4 45. a4 a5 1/2-1/2

[Event "DVM U14 2015"]
[Site "Verden/Aller GER"]
[Date "2015.12.28"]
[Round "3"]
[White "Lorenz, Tobias"]
[Black "Haas, Maximilian"]
[Result "0-1"]
[Termination "normal"]
[Board "8.2"]
[WhiteElo "1716"]
[BlackElo "1650"]
[WhiteTeam "SC Landskrone"]
[BlackTeam "SC Erlangen 48/88"]
[PlyCount "76"]
[WhiteFideId "12977500"]
[BlackFideId "12959219"]
[EventCountry "GER"]
[EventRounds "7"]
[EventType "team-swiss"]
[EventDate "2015.12.26"]

1. d4 Nf6 2. Nf3 g6 3. c4 Bg7 4. Bg5 O-O 5. Nc3 d6 6. e4 Nbd7 7. Qd2 e5 8. d5
a5 9. Be2 Nc5 10. Bd3 Qd7 11. Bc2 Qg4 12. O-O Nfxe4 13. Nxe4 Nxe4 14. Bxe4 Qxe4
15. Rac1 b6 16. Rfe1 Qf5 17. Bh6 Qh5 18. Be3 h6 19. h3 f5 20. Qe2 g5 21. a3 f4
22. Bd2 Bxh3 23. gxh3 Qxh3 24. Nh2 f3 25. Qf1 Qf5 26. Kh1 e4 27. Bc3 h5 28. Qg1
g4 29. Qg3 Bh6 30. Rcd1 Rae8 31. Bd2 Bxd2 32. Rxd2 Qg5 33. Rd4 Rf4 34. Re3 h4
35. Qg1 g3 36. Nf1 g2+ 37. Kh2 gxf1=N+ 38. Qxf1 Rg4 0-1

[Event "DVM U14 2015"]
[Site "Verden/Aller GER"]
[Date "2015.12.28"]
[Round "3"]
[White "Grüninger, Maxim"]
[Black "Dittenberger, Timo"]
[Result "1-0"]
[Termination "normal"]
[Board "8.3"]
[WhiteElo "1579"]
[BlackElo "1481"]
[WhiteTeam "SC Erlangen 48/88"]
[BlackTeam "SC Landskrone"]
[PlyCount "75"]
[WhiteFideId "12942960"]
[BlackFideId "12977519"]
[EventCountry "GER"]
[EventRounds "7"]
[EventType "team-swiss"]
[EventDate "2015.12.26"]

1. e4 c5 2. Nf3 d6 3. d4 cxd4 4. Nxd4 Nf6 5. Nc3 e5 6. Nf3 a6 7. Be3 Be7 8. Be2
O-O 9. O-O Be6 10. Qd2 Ng4 11. Rfd1 Nxe3 12. Qxe3 Nc6 13. a3 f5 14. exf5 Rxf5
15. Bd3 Rf8 16. Be4 Qc7 17. Qd3 b5 18. Bxh7+ Kh8 19. Bg6 Bc4 20. Qe3 Qa7 21.
Nd4 Rf4 22. Nxc6 Qb7 23. Nxe7 Qxe7 24. Ne2 Rg4 25. Bd3 Bxd3 26. Rxd3 Rf8 27.
Qh3+ Rh4 28. Qxh4+ Qxh4 29. Rh3 Qxh3 30. gxh3 d5 31. Rd1 d4 32. Kg2 Kh7 33. Rd3
Rc8 34. c3 dxc3 35. Nxc3 Rc6 36. Ne4 Rc2 37. Rd6 Rxb2 38. Ng5+ 1-0

[Event "DVM U14 2015"]
[Site "Verden/Aller GER"]
[Date "2015.12.28"]
[Round "3"]
[White "Rühl, Alexander"]
[Black "Richardt, Josia"]
[Result "0-1"]
[Termination "normal"]
[Board "8.4"]
[WhiteElo "1550"]
[BlackElo "1246"]
[WhiteTeam "SC Landskrone"]
[BlackTeam "SC Erlangen 48/88"]
[PlyCount "48"]
[WhiteFideId "16204131"]
[BlackFideId "16217594"]
[EventCountry "GER"]
[EventRounds "7"]
[EventType "team-swiss"]
[EventDate "2015.12.26"]

1. e4 e5 2. Nf3 Nc6 3. Bc4 Bc5 4. c3 Nf6 5. d4 exd4 6. cxd4 Bb4+ 7. Bd2 Bxd2+
8. Nbxd2 d5 9. exd5 Nxd5 10. O-O O-O 11. Re1 Bg4 12. h3 Bh5 13. Rc1 Nxd4 14.
Bxd5 Qxd5 15. Rxc7 Rab8 16. Ree7 Nxf3+ 17. gxf3 Rfe8 18. Red7 Qg5+ 19. Kh1 Qb5
20. Qc2 Re1+ 21. Kh2 Qe5+ 22. f4 Qxf4+ 23. Kg2 Qg5+ 24. Kh2 Qg1# 0-1

[Event "DVM U14 2015"]
[Site "Verden/Aller GER"]
[Date "2015.12.28"]
[Round "3"]
[White "Bold, Andre"]
[Black "Merx, Florian"]
[Result "1/2-1/2"]
[Termination "normal"]
[Board "9.1"]
[WhiteElo "1981"]
[BlackElo "1628"]
[WhiteTeam "SC 1975 Bann"]
[BlackTeam "SV Empor Erfurt"]
[PlyCount "60"]
[WhiteFideId "16208471"]
[BlackFideId "16212304"]
[EventCountry "GER"]
[EventRounds "7"]
[EventType "team-swiss"]
[EventDate "2015.12.26"]

1. d4 d5 2. c4 e6 3. Nf3 Nf6 4. Nc3 Nbd7 5. g3 Be7 6. Bg2 O-O 7. O-O c6 8. Re1
dxc4 9. e4 Nb6 10. a4 a5 11. Bf4 Bd7 12. Ne5 Bb4 13. Qe2 c5 14. dxc5 Bxc5 15.
Nxc4 Nxc4 16. Qxc4 Rc8 17. Qe2 Bb4 18. Be5 Qe7 19. Red1 Rfd8 20. Bxf6 Qxf6 21.
e5 Qe7 22. Nb5 Bxb5 23. Qxb5 Rc5 24. Qxb7 Rxe5 25. Qxe7 Bxe7 26. Rxd8+ Bxd8 27.
Rc1 Kf8 28. Kf1 Ke8 29. f4 Re3 30. Rc3 Bb6 1/2-1/2

[Event "DVM U14 2015"]
[Site "Verden/Aller GER"]
[Date "2015.12.28"]
[Round "3"]
[White "Finke, Daniel"]
[Black "Schindler, Till"]
[Result "1/2-1/2"]
[Termination "normal"]
[Board "9.2"]
[WhiteElo "1342"]
[BlackElo "1318"]
[WhiteTeam "SV Empor Erfurt"]
[BlackTeam "SC 1975 Bann"]
[PlyCount "111"]
[WhiteFideId "16217675"]
[BlackFideId "16217705"]
[EventCountry "GER"]
[EventRounds "7"]
[EventType "team-swiss"]
[EventDate "2015.12.26"]

1. e4 e5 2. Nf3 Nc6 3. Bc4 Bc5 4. c3 Nf6 5. d3 a6 6. Bg5 O-O 7. Nbd2 Be7 8. Nf1
d5 9. exd5 Nxd5 10. Bxe7 Ndxe7 11. Ne3 Nf5 12. O-O Nd6 13. Bb3 b6 14. Nd2 Bb7
15. Ne4 Ne7 16. f3 Ng6 17. Qc2 Qe7 18. Rad1 Nf4 19. Rfe1 Rad8 20. Qf2 Nxe4 21.
dxe4 Nd3 22. Rxd3 Rxd3 23. Bd5 c6 24. Bc4 Rdd8 25. Nf5 Qc5 26. Ne3 b5 27. b4
Qb6 28. Bb3 Rd7 29. Re2 Rfd8 30. Bc2 Bc8 31. h3 Rd6 32. Kh2 Be6 33. a3 a5 34.
Bb1 g6 35. Bc2 a4 36. Bb1 Kf8 37. Bc2 Bb3 38. Bb1 Ke8 39. h4 Kd7 40. Kh3 Be6+
41. Kh2 Kc8 42. Bc2 Qa7 43. Bb1 R6d7 44. Bc2 h6 45. Bb1 g5 46. h5 f6 47. g4 c5
48. Kg3 c4 49. Bc2 Rd6 50. Bb1 Qd7 51. Nd5 Bxd5 52. exd5 Qc7 53. Bf5+ Kb8 54.
Be4 Qb6 55. Qe1 Rg8 56. Rd2 1/2-1/2

[Event "DVM U14 2015"]
[Site "Verden/Aller GER"]
[Date "2015.12.28"]
[Round "3"]
[White "Wenzel, Sander"]
[Black "Lautenbach, Max"]
[Result "0-1"]
[Termination "normal"]
[Board "9.3"]
[WhiteElo "1145"]
[BlackElo "1284"]
[WhiteTeam "SC 1975 Bann"]
[BlackTeam "SV Empor Erfurt"]
[PlyCount "88"]
[WhiteFideId "16217721"]
[BlackFideId "16217683"]
[EventCountry "GER"]
[EventRounds "7"]
[EventType "team-swiss"]
[EventDate "2015.12.26"]

1. e4 e5 2. Nf3 Nc6 3. Bc4 Nf6 4. d3 Bc5 5. Be3 Bb6 6. c3 d6 7. Nbd2 Be6 8. Qe2
Qe7 9. h3 h6 10. Bb3 g5 11. h4 g4 12. Nh2 O-O-O 13. g3 Rdg8 14. Bxb6 cxb6 15.
Nhf1 Kb8 16. Ne3 h5 17. Bc2 d5 18. Nd1 Rd8 19. a3 Qd6 20. b4 dxe4 21. Nxe4 Nxe4
22. dxe4 b5 23. Nb2 Nd4 24. Qd1 Nf3+ 25. Kf1 Qxd1+ 26. Bxd1 Nd2+ 27. Kg2 Nxe4
28. Rc1 Bd5 29. f3 Nd2 30. Kh2 gxf3 31. Bxf3 Nxf3+ 32. Kh3 Be6+ 33. Kg2 Bg4 34.
Rc2 e4 35. Kf2 Rhe8 36. Ke3 f5 37. c4 bxc4 38. Rxc4 Ne5 39. Kf2 e3+ 40. Ke1 Nc6
41. Rc3 e2 42. Rd3 Rxd3 43. Nxd3 Rd8 44. Nf2 Rd1+ 0-1

[Event "DVM U14 2015"]
[Site "Verden/Aller GER"]
[Date "2015.12.28"]
[Round "3"]
[White "Niebur, Thorben Carl"]
[Black "Scherer, Muriel"]
[Result "1-0"]
[Termination "normal"]
[Board "9.4"]
[WhiteElo "1193"]
[BlackElo "1040"]
[WhiteTeam "SV Empor Erfurt"]
[BlackTeam "SC 1975 Bann"]
[PlyCount "53"]
[WhiteFideId "16217691"]
[BlackFideId "16217730"]
[EventCountry "GER"]
[EventRounds "7"]
[EventType "team-swiss"]
[EventDate "2015.12.26"]

1. e4 e5 2. Nf3 Nc6 3. d4 exd4 4. Nxd4 Nf6 5. Nc3 Bb4 6. Nxc6 bxc6 7. Bd2 O-O
8. Qf3 Bxc3 9. Bxc3 Ne8 10. Bd3 d5 11. O-O Be6 12. Rad1 Qg5 13. Rfe1 Bg4 14.
Qg3 Nd6 15. f3 dxe4 16. Bxe4 Nxe4 17. Rxe4 Qc5+ 18. Kf1 f5 19. Qxc7 Rf7 20.
Rd8+ Rxd8 21. Qxd8+ Rf8 22. Qd7 Qxc3 23. bxc3 fxe4 24. Qxg4 Re8 25. Qd7 Kf8 26.
Qxc6 e3 27. Ke2 1-0

[Event "DVM U14 2015"]
[Site "Verden/Aller GER"]
[Date "2015.12.28"]
[Round "3"]
[White "Enxing, Philemon"]
[Black "Anders, Julian"]
[Result "1-0"]
[Termination "normal"]
[Board "10.1"]
[WhiteElo "1494"]
[BlackElo "1392"]
[WhiteTeam "SG Leipzig"]
[BlackTeam "SK Freiburg Zähringen 1887"]
[PlyCount "149"]
[WhiteFideId "16217632"]
[BlackFideId "16217748"]
[EventCountry "GER"]
[EventRounds "7"]
[EventType "team-swiss"]
[EventDate "2015.12.26"]

1. e4 d6 2. d4 Nf6 3. Nc3 e5 4. Nf3 Be7 5. Bc4 Nbd7 6. a4 O-O 7. O-O h6 8. Re1
a6 9. h3 c6 10. Ba2 Qb6 11. Bb3 Qc7 12. Be3 b6 13. Qd2 Bb7 14. Rad1 Rfd8 15.
Qc1 Bf8 16. Nh4 c5 17. d5 Kh7 18. f4 exf4 19. Bxf4 Re8 20. Nf3 Rad8 21. Re2 g5
22. Bh2 Bg7 23. Rde1 Kg8 24. Bc4 Re7 25. Qd2 Nf8 26. e5 Ne8 27. exd6 Nxd6 28.
Rxe7 Qc8 29. Bxd6 Rxd6 30. Ne4 Rd7 31. Rxd7 Qxd7 32. b3 Ng6 33. Ng3 Nf4 34. Rd1
b5 35. axb5 axb5 36. Bf1 Nxd5 37. c4 bxc4 38. Bxc4 Nb6 39. Qxd7 Nxd7 40. Bxf7+
Kf8 41. Rxd7 Bc6 42. Rc7 Bxf3 43. gxf3 Be5 44. Rb7 Bxg3 45. Bh5 Be5 46. Bg4 Ke8
47. Kf1 Kd8 48. Ke2 Bd4 49. Kd3 Ke8 50. Ke4 Kf8 51. Be6 Ke8 52. Kf5 h5 53. Kxg5
h4 54. Kxh4 Bf6+ 55. Kg4 c4 56. bxc4 Bd4 57. h4 Kf8 58. h5 Ke8 59. h6 Be3 60.
h7 Bd4 61. c5 Kd8 62. c6 Be5 63. f4 Bf6 64. c7+ Ke7 65. c8=Q+ Kd6 66. Qc7+ Kxe6
67. Rb6+ Kd5 68. Qc6+ Kd4 69. Qxf6+ Kd5 70. Qc6+ Kd4 71. h8=Q+ Ke3 72. Qhc3+
Kf2 73. Q6f3+ Kg1 74. Rb1+ Kh2 75. Qe2# 1-0

[Event "DVM U14 2015"]
[Site "Verden/Aller GER"]
[Date "2015.12.28"]
[Round "3"]
[White "Schede, John"]
[Black "Mücka, Cedric"]
[Result "1/2-1/2"]
[Termination "normal"]
[Board "10.2"]
[WhiteElo "1249"]
[BlackElo "1397"]
[WhiteTeam "SK Freiburg Zähringen 1887"]
[BlackTeam "SG Leipzig"]
[PlyCount "48"]
[WhiteFideId "16217756"]
[BlackFideId "16217640"]
[EventCountry "GER"]
[EventRounds "7"]
[EventType "team-swiss"]
[EventDate "2015.12.26"]

1. d4 d5 2. c4 c6 3. Nc3 Nf6 4. Bg5 e6 5. e4 dxe4 6. Nxe4 Qa5+ 7. Bd2 Qf5 8.
Nxf6+ Qxf6 9. Nf3 Qd8 10. Bd3 Be7 11. Qc2 g6 12. O-O Bf6 13. Be3 O-O 14. Rad1
Na6 15. a3 Bd7 16. Be4 Rc8 17. b4 b5 18. c5 Nc7 19. Bf4 Nd5 20. Bg3 a5 21. Qb2
Ra8 22. Bxd5 exd5 23. Rfe1 Bg4 24. Rd3 Bxf3 {(=)} 1/2-1/2

[Event "DVM U14 2015"]
[Site "Verden/Aller GER"]
[Date "2015.12.28"]
[Round "3"]
[White "Wang, Ruiming"]
[Black "Spillner, Ladis"]
[Result "0-1"]
[Termination "normal"]
[Board "10.3"]
[WhiteElo "1355"]
[BlackElo "1301"]
[WhiteTeam "SG Leipzig"]
[BlackTeam "SK Freiburg Zähringen 1887"]
[PlyCount "86"]
[WhiteFideId "16217659"]
[BlackFideId "16217764"]
[EventCountry "GER"]
[EventRounds "7"]
[EventType "team-swiss"]
[EventDate "2015.12.26"]

1. e4 e5 2. Nf3 Nc6 3. Bc4 Nf6 4. Ng5 d5 5. exd5 b5 6. Bxb5 Qxd5 7. Bxc6+ Qxc6
8. O-O h6 9. Nf3 Bd6 10. d3 O-O 11. Be3 Bb7 12. Nbd2 e4 13. Nd4 Qd5 14. dxe4
Nxe4 15. f3 Nxd2 16. Qxd2 Rfe8 17. Nb3 f6 18. Rad1 Qh5 19. g4 Qh3 20. Rf2 Bxf3
21. Rxf3 Qxf3 22. Re1 Qxg4+ 23. Qg2 Qxg2+ 24. Kxg2 Bf4 25. Kf2 Bxe3+ 26. Rxe3
Rxe3 27. Kxe3 Re8+ 28. Kd3 Kf7 29. Nd4 Rd8 30. Kc4 g5 31. Nc6 Rd2 32. Nxa7
Rxc2+ 33. Kb3 Rxh2 34. a4 Re2 35. a5 Re8 36. Nc6 Ra8 37. Kb4 g4 38. Kb5 g3 39.
a6 g2 40. a7 g1=Q 41. b4 Qb6+ 42. Kc4 Qxc6+ 43. Kb3 Rxa7 0-1

[Event "DVM U14 2015"]
[Site "Verden/Aller GER"]
[Date "2015.12.28"]
[Round "3"]
[White "Schede, Wolf"]
[Black "Liedtke, Sebastian"]
[Result "1/2-1/2"]
[Termination "normal"]
[Board "10.4"]
[WhiteElo "1062"]
[BlackElo "1315"]
[WhiteTeam "SK Freiburg Zähringen 1887"]
[BlackTeam "SG Leipzig"]
[PlyCount "53"]
[WhiteFideId "16217772"]
[BlackFideId "16217667"]
[EventCountry "GER"]
[EventRounds "7"]
[EventType "team-swiss"]
[EventDate "2015.12.26"]

1. e4 d6 2. d4 Nf6 3. Nc3 g6 4. f4 Bg7 5. Bd2 O-O 6. e5 dxe5 7. dxe5 Nd5 8. Nf3
Nc6 9. Bc4 Nb6 10. Qe2 Bg4 11. Bb5 Nd4 12. Qe4 Bxf3 13. gxf3 c6 14. Bd3 f5 15.
Qe3 e6 16. O-O-O a6 17. Ne2 Nxe2+ 18. Bxe2 Nd5 19. Qb3 Qc7 20. Qa3 Rfd8 21. c4
Ne7 22. c5 Qc8 23. Bc4 Nd5 24. Ba5 Re8 25. Bxd5 exd5 26. Bb6 Bf8 27. Qc3
1/2-1/2

[Event "DVM U14 2015"]
[Site "Verden/Aller GER"]
[Date "2015.12.28"]
[Round "4"]
[White "Kopylov, Daniel"]
[Black "Roseneck, Jonas"]
[Result "0-1"]
[Termination "normal"]
[Board "1.1"]
[WhiteElo "1966"]
[BlackElo "2021"]
[WhiteTeam "TuRa Harksheide Norderstedt"]
[BlackTeam "SG Aufbau Elbe Magdeburg"]
[PlyCount "56"]
[WhiteFideId "12921971"]
[BlackFideId "12939870"]
[EventCountry "GER"]
[EventRounds "7"]
[EventType "team-swiss"]
[EventDate "2015.12.26"]

1. e4 c5 2. Nf3 Nc6 3. d4 cxd4 4. Nxd4 e5 5. Nb5 d6 6. N1c3 a6 7. Na3 b5 8. Nd5
Nge7 9. c4 Nxd5 10. Qxd5 Bd7 11. cxb5 Nd4 12. bxa6 Rc8 13. Bd2 Bc6 14. Qa5 Qh4
15. Bd3 Bxe4 16. a7 Bxg2 17. Be3 Bxh1 18. Nb5 Qd8 19. Qa4 Nxb5 20. Bxb5+ Ke7
21. Kd2 Ba8 22. Rc1 Rxc1 23. Kxc1 Qc7+ 24. Kd2 g6 25. Qa6 Bg7 26. Bb6 Bh6+ 27.
Be3 Bxe3+ 28. fxe3 Rc8 0-1

[Event "DVM U14 2015"]
[Site "Verden/Aller GER"]
[Date "2015.12.28"]
[Round "4"]
[White "Biastoch, Bennet"]
[Black "Oganessjan, Artur"]
[Result "1-0"]
[Termination "normal"]
[Board "1.2"]
[WhiteElo "2051"]
[BlackElo "1815"]
[WhiteTeam "SG Aufbau Elbe Magdeburg"]
[BlackTeam "TuRa Harksheide Norderstedt"]
[PlyCount "111"]
[WhiteFideId "12939889"]
[BlackFideId "12986062"]
[EventCountry "GER"]
[EventRounds "7"]
[EventType "team-swiss"]
[EventDate "2015.12.26"]

1. e4 c5 2. Nf3 d6 3. d4 cxd4 4. Nxd4 Nf6 5. Nc3 Nc6 6. Bg5 e6 7. Qd2 Be7 8.
O-O-O a6 9. f4 O-O 10. Be2 Qc7 11. Bf3 Rd8 12. Qe3 h6 13. Bh4 Rb8 14. Bf2 Na5
15. Rhe1 b5 16. Nb3 Nc4 17. Qa7 Qxa7 18. Bxa7 Ra8 19. Bf2 e5 20. Nd5 Nxd5 21.
exd5 Bf6 22. fxe5 Bxe5 23. Nd4 Bd7 24. g3 Re8 25. b3 Na5 26. Nc6 Bc3 27. Rxe8+
Bxe8 28. Rd3 Nxc6 29. dxc6 Ba5 30. Rxd6 Bc7 31. Rd3 b4 32. Bc5 a5 33. Bd6 Bxd6
34. Rxd6 Rc8 35. Bg4 Rc7 36. Rd8 Rxc6 37. Rxe8+ Kh7 38. Re5 Ra6 39. Bf5+ g6 40.
Bd3 Ra7 41. Kb2 Kg7 42. a3 bxa3+ 43. Kxa3 f5 44. c4 Kf6 45. Re8 Rd7 46. Re3 g5
47. Rf3 f4 48. gxf4 g4 49. Re3 Rd4 50. Ka4 Rxf4 51. Kxa5 h5 52. c5 Kg5 53. c6
Rf6 54. Kb5 Kf4 55. Re1 Rh6 56. Re8 1-0

[Event "DVM U14 2015"]
[Site "Verden/Aller GER"]
[Date "2015.12.28"]
[Round "4"]
[White "Köhler, Inken"]
[Black "Wagner, Benjamin"]
[Result "1/2-1/2"]
[Termination "normal"]
[Board "1.3"]
[WhiteElo "1836"]
[BlackElo "1829"]
[WhiteTeam "TuRa Harksheide Norderstedt"]
[BlackTeam "SG Aufbau Elbe Magdeburg"]
[PlyCount "88"]
[WhiteFideId "12929301"]
[BlackFideId "12957330"]
[EventCountry "GER"]
[EventRounds "7"]
[EventType "team-swiss"]
[EventDate "2015.12.26"]

1. e4 e5 2. Nf3 Nc6 3. d4 exd4 4. Nxd4 Bc5 5. Nb3 Bb6 6. Nc3 d6 7. a4 a6 8. Nd5
Ba7 9. Be3 Bxe3 10. Nxe3 Nf6 11. f3 O-O 12. Be2 Re8 13. O-O Bd7 14. c4 Qb8 15.
Qe1 Qa7 16. Qf2 Qb6 17. Bd1 Ne5 18. a5 Qa7 19. Bc2 Be6 20. Nd5 Qxf2+ 21. Kxf2
Rac8 22. Nd4 c5 23. Nxe6 fxe6 24. Nb6 Rc7 25. Rfd1 Rd8 26. Ba4 Nc6 27. Bxc6
Rxc6 28. Rd3 Nd7 29. Nxd7 Rxd7 30. Rad1 Kf7 31. Ke3 e5 32. g3 Ke6 33. f4 Rf7
34. f5+ Ke7 35. h4 h6 36. g4 Kd7 37. g5 h5 38. Rg1 Rf8 39. Rd2 Rcc8 40. Rdg2
Rcd8 41. Rf2 Rf7 42. g6 Rf6 43. Rfg2 Kc7 44. Rg5 Rh8 1/2-1/2

[Event "DVM U14 2015"]
[Site "Verden/Aller GER"]
[Date "2015.12.28"]
[Round "4"]
[White "Cejda, Cecilia"]
[Black "Bahde, Thiemo"]
[Result "1-0"]
[Termination "normal"]
[Board "1.4"]
[WhiteElo "1600"]
[BlackElo "1113"]
[WhiteTeam "SG Aufbau Elbe Magdeburg"]
[BlackTeam "TuRa Harksheide Norderstedt"]
[PlyCount "77"]
[WhiteFideId "12921122"]
[BlackFideId "16205537"]
[EventCountry "GER"]
[EventRounds "7"]
[EventType "team-swiss"]
[EventDate "2015.12.26"]

1. e4 e5 2. Nf3 Nc6 3. Nc3 Bc5 4. Nxe5 Nxe5 5. d4 Bxd4 6. Qxd4 Nc6 7. Qd1 d6 8.
Bc4 Nf6 9. Bg5 h6 10. Bh4 Be6 11. Bxe6 fxe6 12. f4 O-O 13. Qd2 e5 14. f5 Qd7
15. Bxf6 Rxf6 16. Nd5 Rff8 17. O-O-O Kh8 18. h4 Ne7 19. Nc3 Rad8 20. g4 Kh7 21.
g5 Nxf5 22. exf5 Qxf5 23. gxh6 gxh6 24. Qd3 Qxd3 25. Rxd3 c6 26. Ne4 d5 27. Nc5
Rf7 28. Re1 e4 29. Nxe4 Rf4 30. Ng3 Rd7 31. h5 Rg7 32. Rde3 Rfg4 33. Nf5 Rd7
34. Re7+ Rxe7 35. Rxe7+ Kg8 36. Nxh6+ Kf8 37. Nxg4 Kxe7 38. h6 Kf7 39. h7 1-0

[Event "DVM U14 2015"]
[Site "Verden/Aller GER"]
[Date "2015.12.28"]
[Round "4"]
[White "Engel, Luis"]
[Black "Browning, Alex"]
[Result "1-0"]
[Termination "normal"]
[Board "2.1"]
[WhiteElo "2117"]
[BlackElo "1933"]
[WhiteTeam "Hamburger SK von 1830"]
[BlackTeam "Märkischer Springer Halver-Schalksmühle"]
[PlyCount "95"]
[WhiteFideId "12961523"]
[BlackFideId "12984019"]
[EventCountry "GER"]
[EventRounds "7"]
[EventType "team-swiss"]
[EventDate "2015.12.26"]

1. d4 Nf6 2. c4 g6 3. Nc3 Bg7 4. e4 d6 5. f4 O-O 6. Nf3 c5 7. d5 e6 8. Be2 exd5
9. cxd5 Bg4 10. O-O Nbd7 11. h3 Bxf3 12. Bxf3 Qc7 13. g4 h6 14. h4 Nh7 15. g5
f5 16. Be3 Rae8 17. Qe2 Nb6 18. Rad1 h5 19. Kh1 Re7 20. e5 a6 21. Qf2 Rc8 22.
e6 Nc4 23. Bc1 b5 24. Qc2 Rb8 25. Ne2 Qa5 26. Ng3 Rf8 27. Bxh5 gxh5 28. Nxf5
Rxf5 29. Qxf5 Qxa2 30. Qc2 Nb6 31. f5 Nxd5 32. f6 Nhxf6 33. gxf6 Nxf6 34. Rxd6
Rxe6 35. Rd8+ Re8 36. Rxe8+ Nxe8 37. Qxc5 Qe6 38. Qf5 Qc6+ 39. Qf3 Qc4 40. Bg5
Nd6 41. Rd1 Qe4 42. Kg2 Qc2+ 43. Rd2 Qc5 44. Be7 Be5 45. Qf8+ Kh7 46. Bxd6 Qc6+
47. Qf3 Qc1 48. Qd3+ 1-0